Rozpočtové príjmy a ich zobrazenie v účtovníctve rozpočtových organizácií
Vymedzenie príjmových rozpočtových účtov štátnych rozpočtových organizácií. Účtovanie rozpočtových príjmov v štátnej rozpočtovej organizácii. Súhrnné charakteristiky rozpočtových príjmov rozpočtových organizácií, ich miesto a zobrazenie v účtovníctve.
Na minha lista:
| Autor principal: | |
|---|---|
| Formato: | Capítulo de Livro |
| Idioma: | eslovaco |
| Assuntos: | |
| Tags: |
Sem tags, seja o primeiro a adicionar uma tag!
|
MARC
| LEADER | 00000naa$a2200000$$$4500 | ||
|---|---|---|---|
| 001 | 0094970 | ||
| 005 | 20240502072046.4 | ||
| 041 | 0 | |a slo | |
| 044 | |a SK | ||
| 245 | 1 | 0 | |a Rozpočtové príjmy a ich zobrazenie v účtovníctve rozpočtových organizácií |c Antónia Kovalčíková |
| 520 | |a Vymedzenie príjmových rozpočtových účtov štátnych rozpočtových organizácií. Účtovanie rozpočtových príjmov v štátnej rozpočtovej organizácii. Súhrnné charakteristiky rozpočtových príjmov rozpočtových organizácií, ich miesto a zobrazenie v účtovníctve. | ||
| 610 | 2 | 0 | |a organizácie rozpočtové |
| 610 | 2 | 0 | |a príjmy |
| 610 | 2 | 0 | |a účtovanie |
| 610 | 2 | 0 | |a vyššie územné celky |
| 610 | 2 | 0 | |a obce |
| 100 | 1 | |a Kovalčíková, Antónia | |